|
|
|
|
| LEADER |
01273nam a22003131a 4500 |
| 001 |
000720159 |
| 003 |
CZ BrMZK |
| 005 |
20220914141502.0 |
| 007 |
ta |
| 008 |
040607s1961 xr e cze |
| 015 |
|
|
|a cnb000611678
|
| 035 |
|
|
|a (OCoLC)85466353
|
| 040 |
|
|
|a BOA001
|b cze
|
| 041 |
0 |
|
|a cze
|b ger
|
| 100 |
1 |
|
|a Jeník, Jan,
|d 1929-2022
|7 jk01051458
|4 aut
|
| 245 |
1 |
0 |
|a Alpinská vegetace Krkonoš, Králického Sněžníku a Hrubého Jeseníku :
|b teorie anemo-orografických systémů /
|c Jan Jeník
|
| 250 |
|
|
|a 1. vyd.
|
| 260 |
|
|
|a Praha :
|b Československá akademie věd,
|c 1961
|
| 300 |
|
|
|a 409 s., 5 obr. příl. +
|e mapy
|
| 504 |
|
|
|a Obsahuje bibliografii
|
| 546 |
|
|
|a Německé resumé
|
| 710 |
2 |
|
|a Československá akademie věd.
|b Sekce biologicko-lékařská (Praha)
|
| 910 |
|
|
|a BOA001
|b PK-0028.089
|b 2-0460.465
|
| 920 |
|
|
|a 000331339
|
| 964 |
|
|
|a Rostliny horské - Vysoké Sudety - teorie anemo-orografické
|
| 990 |
|
|
|a BK
|
| 996 |
6 |
|
|b 2619804482
|c 2-0460.465
|l MZK
|r Sklad / do 24 hodin
|n 4
|w 000720159
|u 000030
|a 1
|e BOA001
|j MZK50
|s P
|
| 996 |
7 |
|
|b 2619813242
|c 2-0460.465
|l MZK
|r Sklad / do 24 hodin
|n 16
|w 000720159
|u 000020
|a 1
|e BOA001
|j MZK50
|s A
|
| 996 |
7 |
|
|b 3119651185
|c PK-0028.089
|l MZK
|r Sklad / do 1 hodiny
|n 10
|w 000720159
|u 000010
|a 1
|e BOA001
|j MZK50
|s A
|